| 000 | 00715nam a22002057a 4500 | ||
|---|---|---|---|
| 999 |
_c13160 _d13160 |
||
| 003 | AR-CdUCM | ||
| 008 | 190411b ||||| |||| 00| 0 spa d | ||
| 040 |
_aMUNICIPALIDAD PROVINCIAL DEL CUSCO _cBIBLIOTECA MUNICIPAL DEL CUSCO |
||
| 082 |
_a869.56 / _bS92 |
||
| 100 |
_aSummers, Sidney _931385 |
||
| 245 |
_aHistoria de la revolución : _b(Cuentos) / |
||
| 260 |
_aLima : _bJuan Mejía Baca, _c1966. |
||
| 300 |
_a76 páginas ; _c21 cm. |
||
| 505 | _aContenido : Historia de la revolución -- Un viaje absurdo -- El peregrino -- El topo o el arte de vivir -- El fuego ... | ||
| 650 |
_aHistoria _9136 |
||
| 650 |
_aRevolución _9844 |
||
| 650 |
_aCuentos _9217 |
||
| 942 |
_2ddc _cLIBROS |
||
| 945 |
_arah _d11/04/2019 |
||